[Event "Berlin Werner Ott op"]
[Site "Berlin"]
[Date "2019.06.25"]
[Round "4"]
[White "Roth, Joachim"]
[Black "Moser, Axel"]
[Result "1/2-1/2"]
[WhiteElo "1916"]
[BlackElo "2168"]
[PlyCount "44"]
[EventDate "2019.06.22"]
[EventType "swiss"]
[EventRounds "9"]
[EventCountry "GER"]
[SourceTitle "EXT 2022"]
[Source "ChessBase"]
[SourceDate "2021.10.06"]
[SourceVersion "1"]
[SourceVersionDate "2021.10.06"]
[SourceQuality "1"]

1. d4 g6 2. e4 Bg7 3. Nc3 d6 4. f4 a6 5. Nf3 b5 6. Be3 Bb7 7. Bd3 Nd7 8. 0-0 c5 9. dxc5 Nxc5 10. Bxc5 dxc5 11. e5 Nh6 12. Be4 Bxe4 13. Nxe4 Qb6 14. Qe2 0-0 15. c4 Rfd8 16. b3 Nf5 17. Rad1 bxc4 18. bxc4 Qc6 19. Rd3 Nd4 20. Nxd4 cxd4 21. c5 f5 22. exf6 Bxf6 1/2-1/2

[Event "Berlin Werner Ott op"]
[Site "Berlin"]
[Date "2019.06.24"]
[Round "3"]
[White "Nohr, Jonas"]
[Black "Roth, Joachim"]
[Result "1-0"]
[WhiteElo "2108"]
[BlackElo "1916"]
[PlyCount "41"]
[EventDate "2019.06.22"]
[EventType "swiss"]
[EventRounds "9"]
[EventCountry "GER"]
[SourceTitle "EXT 2022"]
[Source "ChessBase"]
[SourceDate "2021.10.06"]
[SourceVersion "1"]
[SourceVersionDate "2021.10.06"]
[SourceQuality "1"]

1. c4 e6 2. Nc3 d5 3. e3 f5 4. Nf3 Nf6 5. b3 c6 6. Bb2 Bd6 7. Qc2 0-0 8. Be2 Nbd7 9. cxd5 cxd5 10. Nb5 Bb8 11. Ba3 Re8 12. Rc1 Nb6 13. Nc7 Bxc7 14. Qxc7 a6 15. 0-0 Bd7 16. Bd6 Bc6 17. Qxd8 Raxd8 18. Bc7 Nbd7 19. Bxd8 Rxd8 20. d4 Ne4 21. a4 1-0

[Event "Berlin Werner Ott op"]
[Site "Berlin"]
[Date "2019.06.23"]
[Round "2"]
[White "Roth, Joachim"]
[Black "Gebigke, Martin"]
[Result "1-0"]
[WhiteElo "1916"]
[BlackElo "2086"]
[PlyCount "79"]
[EventDate "2019.06.22"]
[EventType "swiss"]
[EventRounds "9"]
[EventCountry "GER"]
[SourceTitle "EXT 2022"]
[Source "ChessBase"]
[SourceDate "2021.10.06"]
[SourceVersion "1"]
[SourceVersionDate "2021.10.06"]
[SourceQuality "1"]

1. d4 Nf6 2. e3 d5 3. f4 Bg4 4. Nf3 c5 5. c3 Nc6 6. Bd3 e6 7. 0-0 Bd6 8. Qe1 0-0 9. h3 Bf5 10. Be2 Rc8 11. Ne5 Ne7 12. Nd2 Ne8 13. g4 Bc2 14. Bd3 Bxd3 15. Nxd3 b6 16. Nf3 Bb8 17. Nf2 Nc6 18. g5 Nd6 19. Ng4 Ne7 20. Rf2 Kh8 21. Rg2 Ndf5 22. h4 h5 23. gxh6 gxh6 24. h5 f6 25. Nh4 Nxh4 26. Qxh4 Nf5 27. Qh3 Rg8 28. Bd2 Rc7 29. Kh1 Rcg7 30. Rag1 Qe7 31. Be1 cxd4 32. cxd4 Bd6 33. Bh4 Rf8 34. a3 Qd8 35. Ne5 Nxh4 36. Rxg7 fxe5 37. dxe5 Bc5 38. Qxe6 Nf5 39. R1g4 Bxe3 40. Qg6 1-0

[Event "Berlin Lichtenberger op 17th"]
[Site "Berlin"]
[Date "2018.08.20"]
[Round "3"]
[White "Karyah, Thomas"]
[Black "Roth, Joachim"]
[Result "1-0"]
[WhiteElo "1775"]
[BlackElo "1959"]
[PlyCount "69"]
[EventDate "2018.08.18"]
[EventType "swiss"]
[EventRounds "9"]
[EventCountry "GER"]
[SourceTitle "CBM 186 Extra"]
[Source "ChessBase"]
[SourceDate "2018.08.24"]
[SourceVersion "1"]
[SourceVersionDate "2018.08.24"]
[SourceQuality "1"]

1. e4 Nf6 2. Nc3 d5 3. e5 d4 4. exf6 dxc3 5. fxg7 cxd2+ 6. Qxd2 Qxd2+ 7. Bxd2 Bxg7 8. 0-0-0 Bf5 9. Nf3 Nd7 10. Bc4 Nb6 11. Bb3 c5 12. Nh4 Bd7 13. c3 Bf6 14. Nf3 Bf5 15. Bc2 Bxc2 16. Kxc2 Rg8 17. Bf4 Rxg2 18. Bg3 Nc4 19. Kb3 Na5+ 20. Kc2 Nc4 21. Rd3 h5 22. Ne1 Rxg3 23. hxg3 Ne5 24. Rd5 Ng4 25. Rdxh5 Nxf2 26. R1h2 Ng4 27. Rh8+ Kd7 28. Rd2+ Kc7 29. Rxa8 e6 30. Rf8 Ne3+ 31. Kd3 Nd5 32. Rxf7+ Kc6 33. Rxf6 Nxf6 34. c4 Ng4 35. Ke4 1-0

[Event "Berlin-ch Seniors op 31st"]
[Site "Berlin"]
[Date "2015.02.07"]
[Round "9"]
[White "Roth, Joachim"]
[Black "Albinus, Guenter"]
[Result "0-1"]
[WhiteElo "1951"]
[BlackElo "1818"]
[PlyCount "56"]
[EventDate "2015.01.29"]
[EventType "swiss"]
[EventRounds "9"]
[EventCountry "GER"]
[SourceTitle "EXT 2018"]
[Source "ChessBase"]
[SourceDate "2017.10.13"]
[SourceVersion "1"]
[SourceVersionDate "2017.10.13"]
[SourceQuality "1"]

1. c4 Nf6 2. g3 e6 3. Bg2 d5 4. Nf3 c6 5. 0-0 Nbd7 6. d3 Be7 7. Nc3 0-0 8. e4 dxe4 9. dxe4 e5 10. a3 a5 11. Rb1 Qc7 12. b4 Rd8 13. Qe2 axb4 14. axb4 Nb6 15. Be3 Be6 16. Bxb6 Qxb6 17. Nxe5 Qd4 18. Nd5 Qxe5 19. Nxe7+ Kf8 20. Nxc6 bxc6 21. Qc2 Rd4 22. f4 Qh5 23. Bf3 Bg4 24. Qc3 Rad8 25. e5 Rd3 26. Qe1 Bxf3 27. exf6 gxf6 28. b5 Rd2 0-1

[Event "Berlin-ch Seniors op 31st"]
[Site "Berlin"]
[Date "2015.02.03"]
[Round "5"]
[White "Haufe, Reinhard"]
[Black "Roth, Joachim"]
[Result "0-1"]
[WhiteElo "1773"]
[BlackElo "1951"]
[PlyCount "56"]
[EventDate "2015.01.29"]
[EventType "swiss"]
[EventRounds "9"]
[EventCountry "GER"]
[SourceTitle "EXT 2018"]
[Source "ChessBase"]
[SourceDate "2017.10.13"]
[SourceVersion "1"]
[SourceVersionDate "2017.10.13"]
[SourceQuality "1"]

1. c4 e6 2. Nc3 d5 3. d4 c5 4. e3 Nf6 5. Nf3 Nc6 6. Be2 Be7 7. 0-0 0-0 8. b3 a6 9. Bb2 dxc4 10. bxc4 cxd4 11. exd4 b6 12. a3 Bb7 13. Rc1 Rc8 14. Bd3 h6 15. Ne2 Na5 16. Ng3 Qc7 17. Ne5 Bd6 18. f4 Nd7 19. Qg4 f5 20. Bxf5 exf5 21. Nxf5 Rxf5 22. Qxf5 Nf6 23. d5 Re8 24. Rf3 Bc8 25. Qg6 Rf8 26. Rg3 Kh8 27. f5 Ne4 28. f6 Qc5+ 0-1

[Event "Berlin-ch Seniors op 31st"]
[Site "Berlin"]
[Date "2015.01.31"]
[Round "3"]
[White "Yankulin, Vladislav"]
[Black "Roth, Joachim"]
[Result "0-1"]
[WhiteElo "1815"]
[BlackElo "1942"]
[PlyCount "118"]
[EventDate "2015.01.29"]
[EventType "swiss"]
[EventRounds "9"]
[EventCountry "GER"]
[SourceTitle "EXT 2018"]
[Source "ChessBase"]
[SourceDate "2017.10.13"]
[SourceVersion "1"]
[SourceVersionDate "2017.10.13"]
[SourceQuality "1"]

1. e4 Nf6 2. e5 Nd5 3. d4 d6 4. Nf3 dxe5 5. Nxe5 c6 6. Bc4 Be6 7. 0-0 Nd7 8. f4 g6 9. Kh1 Bg7 10. Bb3 0-0 11. c4 N5b6 12. Na3 Nxe5 13. fxe5 Bf5 14. Be3 Nd7 15. c5 b6 16. cxb6 axb6 17. Nc4 Be6 18. Qc1 c5 19. dxc5 Nxc5 20. Bxc5 bxc5 21. Qe3 Qc7 22. Rae1 Rfd8 23. Re2 Rd4 24. Nd2 Bxb3 25. Nxb3 Rd5 26. e6 f5 27. Qf3 Rad8 28. g3 c4 29. Rc2 Rd3 30. Qg2 Bf6 31. Nc1 Rd1 32. Ne2 R1d2 33. Rxd2 Rxd2 34. Qa8+ Kg7 35. Nf4 Rxb2 36. Nd5 Qb7 37. Qxb7 Rxb7 38. Nxf6 Kxf6 39. Rc1 Rb4 40. Rc2 Kxe6 41. Kg2 Ra4 42. Kf3 g5 43. Ke3 Ke5 44. Re2 e6 45. Kd2+ Kd4 46. Kc1 e5 47. Rd2+ Ke4 48. Re2+ Kd5 49. Kb2 e4 50. Rd2+ Ke5 51. Kc3 f4 52. Rd8 Rxa2 53. Re8+ Kf5 54. Kxc4 Rxh2 55. gxf4 gxf4 56. Rf8+ Kg4 57. Rg8+ Kf3 58. Kd4 e3 59. Rg1 e2 0-1

[Event "Berlin Lichtenberger op 13th"]
[Site "Berlin"]
[Date "2014.08.16"]
[Round "1"]
[White "Rietze, Clemens"]
[Black "Roth, Joachim"]
[Result "1-0"]
[WhiteElo "2274"]
[BlackElo "1930"]
[PlyCount "63"]
[EventDate "2014.08.16"]
[EventType "swiss"]
[EventRounds "9"]
[EventCountry "GER"]
[SourceTitle "CBM 161 Extra"]
[Source "ChessBase"]
[SourceDate "2014.08.29"]
[SourceVersion "1"]
[SourceVersionDate "2014.08.29"]
[SourceQuality "1"]

1. d4 d5 2. c4 e6 3. Nc3 c5 4. cxd5 exd5 5. Nf3 Nc6 6. g3 Be6 7. Bg2 Nf6 8. 0-0 Be7 9. Be3 c4 10. Ne5 0-0 11. Nxc4 dxc4 12. d5 Nxd5 13. Nxd5 Qa5 14. Bd2 Qc5 15. Be3 Qa5 16. Bd2 Qc5 17. e4 Rac8 18. Qh5 f5 19. Bc3 b5 20. Nf4 Bd7 21. Rfd1 Be8 22. Qh3 Bf7 23. exf5 b4 24. f6 bxc3 25. fxe7 Qxe7 26. bxc3 Ne5 27. Re1 Qf6 28. Be4 Bg6 29. Bd5+ Bf7 30. Bxf7+ Nxf7 31. Nd5 Qg5 32. Ne7+ 1-0

[Event "Berlin-ch Seniors op 30th"]
[Site "Berlin"]
[Date "2014.02.06"]
[Round "8"]
[White "Postler, Reinhard"]
[Black "Roth, Joachim"]
[Result "1-0"]
[WhiteElo "2138"]
[BlackElo "1919"]
[PlyCount "93"]
[EventDate "2014.01.30"]
[EventType "swiss"]
[EventRounds "9"]
[EventCountry "GER"]
[SourceTitle "EXT 2023"]
[Source "ChessBase"]
[SourceDate "2022.10.05"]
[SourceVersion "1"]
[SourceVersionDate "2022.10.05"]
[SourceQuality "1"]

1. e4 Nf6 2. e5 Nd5 3. d4 d6 4. c4 Nb6 5. exd6 cxd6 6. Nc3 g6 7. Be3 Nc6 8. Rc1 Bg7 9. Be2 0-0 10. Nf3 Bf5 11. d5 Ne5 12. Nxe5 Bxe5 13. 0-0 h5 14. b3 Bg7 15. Qd2 Nd7 16. Nb5 Nc5 17. Nd4 Bd7 18. Bh6 e5 19. dxe6 fxe6 20. Bxg7 Kxg7 21. b4 Ne4 22. Qd3 d5 23. cxd5 exd5 24. Bf3 Re8 25. Ne2 Be6 26. Nf4 Bf7 27. Rfd1 Qb6 28. Bxe4 dxe4 29. Qc3+ Qf6 30. Qg3 Kh6 31. h4 Rac8 32. a3 b5 33. Nh3 Red8 34. Qe3+ Kg7 35. Ng5 Rxc1 36. Rxc1 Rd7 37. Qxe4 Bc4 38. Re1 a6 39. Qe8 Rc7 40. Re6 Qf5 41. Re7+ Rxe7 42. Qxe7+ Kg8 43. Ne4 Bf7 44. Nf6+ Kg7 45. Nd7 Qf4 46. g3 Qf5 47. Ne5 1-0

[Event "Berlin-ch Seniors op 30th"]
[Site "Berlin"]
[Date "2014.02.02"]
[Round "4"]
[White "Fiedler, Wolfgang"]
[Black "Roth, Joachim"]
[Result "1-0"]
[WhiteElo "1746"]
[BlackElo "1919"]
[PlyCount "69"]
[EventDate "2014.01.30"]
[EventType "swiss"]
[EventRounds "9"]
[EventCountry "GER"]
[SourceTitle "EXT 2018"]
[Source "ChessBase"]
[SourceDate "2017.10.13"]
[SourceVersion "1"]
[SourceVersionDate "2017.10.13"]
[SourceQuality "1"]

1. d4 Nf6 2. Nf3 g6 3. c4 Bg7 4. g3 b6 5. Bg2 Bb7 6. d5 0-0 7. Nc3 d6 8. 0-0 c6 9. Nd4 cxd5 10. cxd5 a6 11. Bg5 Re8 12. Rc1 h6 13. Bxf6 Bxf6 14. Qd2 Bg7 15. f4 b5 16. f5 g5 17. Kh1 Qb6 18. e3 Nd7 19. Nf3 Ne5 20. Nxe5 Bxe5 21. Ne4 f6 22. Qe2 Kg7 23. Qh5 Rh8 24. Nf2 Rac8 25. Ng4 Bxb2 26. Qg6+ Kf8 27. Nxh6 Rxh6 28. Qxh6+ Ke8 29. Rxc8+ Bxc8 30. Qh5+ Kd8 31. Qe2 Ba3 32. h4 Bc5 33. h5 Kd7 34. h6 Qd8 35. Qh5 1-0

[Event "Berlin Lichtenberger op 12th"]
[Site "Berlin"]
[Date "2013.08.24"]
[Round "8"]
[White "Roth, Joachim"]
[Black "Poeltelt, Helmut"]
[Result "0-1"]
[WhiteElo "1923"]
[BlackElo "1733"]
[PlyCount "118"]
[EventDate "2013.08.17"]
[EventType "swiss"]
[EventRounds "9"]
[EventCountry "GER"]
[SourceTitle "CBM 156 Extra"]
[Source "ChessBase"]
[SourceDate "2013.10.22"]
[SourceVersion "1"]
[SourceVersionDate "2013.10.22"]
[SourceQuality "1"]

1. c4 Nf6 2. g3 g6 3. Bg2 c6 4. Nf3 d5 5. 0-0 Bg7 6. a4 dxc4 7. Na3 Be6 8. Qc2 0-0 9. Nxc4 Na6 10. d3 Nb4 11. Qd2 a5 12. Nxa5 Qxa5 13. Nd4 Bd7 14. Nb3 Qb6 15. d4 Nbd5 16. Nc5 Qb4 17. Qd1 b6 18. Nxd7 Nxd7 19. e3 e6 20. Qc2 Rfc8 21. Bd2 Qd6 22. Rfc1 Rab8 23. Qd1 c5 24. Bc3 cxd4 25. exd4 Nxc3 26. bxc3 Rc7 27. a5 bxa5 28. Rxa5 Rbc8 29. Ra8 Rxa8 30. Bxa8 Nb6 31. Bf3 Qa3 32. Kg2 Bh6 33. Rb1 Nd7 34. Rb3 Qa2 35. Be2 Bd2 36. c4 Kg7 37. h4 Nf6 38. Rd3 Bb4 39. Rf3 Ne4 40. Bd3 Nd2 41. Re3 Nxc4 42. Re2 Nd2 43. f3 Qb2 44. Qg1 Rd7 45. Bb5 Rd6 46. d5 Rxd5 47. Bc4 Ra5 48. Bxe6 Bc5 49. Qd1 Bb4 50. Qg1 fxe6 51. Qb6 Qf6 52. f4 Qc3 53. Qxe6 Qf3+ 54. Kh3 Ra1 55. Qe5+ Kh6 56. Qg5+ Kg7 57. Re7+ Kg8 58. Re8+ Kf7 59. Rf8+ Bxf8 0-1

[Event "Berlin Lichtenberger op 12th"]
[Site "Berlin"]
[Date "2013.08.21"]
[Round "5"]
[White "Kather, Yannick"]
[Black "Roth, Joachim"]
[Result "1-0"]
[WhiteElo "1943"]
[BlackElo "1923"]
[PlyCount "49"]
[EventDate "2013.08.17"]
[EventType "swiss"]
[EventRounds "9"]
[EventCountry "GER"]
[SourceTitle "CBM 156 Extra"]
[Source "ChessBase"]
[SourceDate "2013.10.22"]
[SourceVersion "1"]
[SourceVersionDate "2013.10.22"]
[SourceQuality "1"]

1. e4 Nf6 2. e5 Nd5 3. d4 d6 4. c4 Nb6 5. exd6 cxd6 6. Nc3 g6 7. Be3 Bg7 8. Rc1 0-0 9. b3 Nc6 10. Be2 e5 11. Nf3 Bg4 12. dxe5 dxe5 13. 0-0 Nd4 14. Nxd4 exd4 15. Bxg4 dxc3 16. Qc2 Qf6 17. Rcd1 Rfd8 18. Bf3 Qe7 19. c5 Nd7 20. Bxb7 Nxc5 21. Bxa8 Rxa8 22. Bd4 Ne4 23. Bxg7 Kxg7 24. Kh1 f5 25. f3 1-0

[Event "Berlin Lichtenberger op 12th"]
[Site "Berlin"]
[Date "2013.08.18"]
[Round "2"]
[White "Roth, Joachim"]
[Black "Winkler, Johannes"]
[Result "1-0"]
[WhiteElo "1923"]
[BlackElo "1560"]
[PlyCount "97"]
[EventDate "2013.08.17"]
[EventType "swiss"]
[EventRounds "9"]
[EventCountry "GER"]
[SourceTitle "CBM 156 Extra"]
[Source "ChessBase"]
[SourceDate "2013.10.22"]
[SourceVersion "1"]
[SourceVersionDate "2013.10.22"]
[SourceQuality "1"]

1. c4 e5 2. g3 Nf6 3. Bg2 g6 4. Nc3 Bg7 5. e4 c5 6. Nge2 Nc6 7. 0-0 d6 8. d3 0-0 9. f4 exf4 10. Bxf4 Ne5 11. Qd2 a6 12. Bg5 Be6 13. Rad1 Rb8 14. a4 Ned7 15. b3 Qb6 16. Rb1 Qb4 17. d4 cxd4 18. Nxd4 Qc5 19. Kh1 Nxe4 20. Nxe4 Qxd4 21. Qxd4 Bxd4 22. Be7 Rfe8 23. Bxd6 Rbd8 24. Bc7 Ra8 25. Nd6 Re7 26. Bxb7 Rf8 27. Bg2 Nc5 28. Ba5 Rd7 29. Ne4 Nxb3 30. Rxb3 Bxc4 31. Rbb1 Bxf1 32. Bxf1 Re8 33. Nd2 Re5 34. Nc4 Rc5 35. Bb6 Rb7 36. Nd6 Rxb6 37. Rxb6 Rc1 38. Rb8+ Kg7 39. Kg2 Rc2+ 40. Kh3 Rc5 41. Bxa6 Ra5 42. Bb5 Be5 43. Ne8+ Kh6 44. Rc8 f5 45. Rc4 g5 46. Rc5 Bd4 47. Rxf5 Ra8 48. Kg4 Kg6 49. Rxg5+ 1-0

[Event "Potsdam Christmas 35th"]
[Site "Potsdam"]
[Date "2010.12.30"]
[Round "7.13"]
[White "Peschel, Andreas"]
[Black "Roth, Joachim"]
[Result "1-0"]
[WhiteElo "2177"]
[BlackElo "1892"]
[PlyCount "67"]
[EventDate "2010.12.27"]
[EventType "swiss"]
[EventRounds "7"]
[EventCountry "GER"]
[SourceTitle "EXT 2022"]
[Source "ChessBase"]
[SourceDate "2021.10.06"]
[SourceVersion "1"]
[SourceVersionDate "2021.10.06"]
[SourceQuality "1"]

1. d4 e6 2. Nf3 d5 3. c4 c6 4. e3 f5 5. Nc3 Nf6 6. Ne5 Bd6 7. Be2 0-0 8. b3 Nbd7 9. Nxd7 Bxd7 10. Bb2 e5 11. cxd5 exd4 12. Qxd4 Qe7 13. dxc6 Bxc6 14. 0-0 Kh8 15. Nb5 Rad8 16. Nxd6 Ne4 17. Qxg7+ Qxg7 18. Bxg7+ Kxg7 19. Nxe4 fxe4 20. Rad1 Rde8 21. Bc4 Rf5 22. g4 Rg5 23. Be2 Rc5 24. Rc1 Ra5 25. a4 Re7 26. Rfd1 Rae5 27. h4 h6 28. Rd4 R5e6 29. Rcd1 Rf6 30. Rd6 Rf8 31. Rd8 Rxd8 32. Rxd8 Kh7 33. Rd6 Rg7 34. Kg2 1-0

[Event "Potsdam Christmas 35th"]
[Site "Potsdam"]
[Date "2010.12.28"]
[Round "3.17"]
[White "Scheide, Helmut"]
[Black "Roth, Joachim"]
[Result "1/2-1/2"]
[WhiteElo "1965"]
[BlackElo "1892"]
[PlyCount "67"]
[EventDate "2010.12.27"]
[EventType "swiss"]
[EventRounds "7"]
[EventCountry "GER"]
[SourceTitle "EXT 2022"]
[Source "ChessBase"]
[SourceDate "2021.10.06"]
[SourceVersion "1"]
[SourceVersionDate "2021.10.06"]
[SourceQuality "1"]

1. d4 e6 2. c4 d5 3. e3 c6 4. Nc3 f5 5. Bd3 Nf6 6. Nge2 Bd6 7. f3 0-0 8. Bd2 e5 9. cxd5 exd4 10. Nxd4 Nxd5 11. Nxd5 cxd5 12. Qc2 Qh4+ 13. Kf1 f4 14. Bf5 fxe3 15. Bxe3 Nc6 16. Bf2 Nxd4 17. Bxh4 Nxc2 18. Bxc2 Bd7 19. Rd1 Bb5+ 20. Bd3 Bxd3+ 21. Rxd3 Be5 22. Rxd5 Bxb2 23. Rb5 Bd4 24. Rxb7 Rfb8 25. Re7 Rb2 26. Re2 Rab8 27. g4 Bc5 28. a4 Rxe2 29. Kxe2 Rb2+ 30. Kd3 Bf2 31. Kc3 Re2 32. Bxf2 Rxf2 33. Rd1 Rxf3+ 34. Rd3 1/2-1/2

[Event "Berlin Lichtenberger op 9th"]
[Site "Berlin"]
[Date "2010.08.13"]
[Round "7"]
[White "Kornath, Heinrich"]
[Black "Roth, Joachim"]
[Result "0-1"]
[WhiteElo "1976"]
[BlackElo "1895"]
[PlyCount "76"]
[EventDate "2010.08.07"]
[EventType "swiss"]
[EventRounds "9"]
[EventCountry "GER"]
[SourceTitle "CBM 137 Extra"]
[Source "ChessBase"]
[SourceDate "2010.09.01"]
[SourceVersion "1"]
[SourceVersionDate "2010.09.01"]
[SourceQuality "1"]

1. e4 e6 2. d4 c5 3. c3 b6 4. Nf3 Bb7 5. Bd3 d6 6. 0-0 Nf6 7. Re1 Be7 8. Bg5 0-0 9. Nbd2 Nc6 10. Rc1 a6 11. Nf1 Nd7 12. Bxe7 Qxe7 13. Ng3 g6 14. Qd2 Rfe8 15. h4 e5 16. d5 Nd8 17. h5 b5 18. Kh2 c4 19. Bb1 Nc5 20. Rh1 f6 21. hxg6 hxg6 22. Kg1 Bc8 23. Nh4 Qg7 24. Re1 Nf7 25. Re3 Kf8 26. Rf3 Bg4 27. Ngf5 gxf5 28. Nxf5 Bxf5 29. Rxf5 Ke7 30. Rh3 Rh8 31. Rg3 Qh6 32. Qxh6 Rxh6 33. Bc2 Rah8 34. Kf1 Ng5 35. f3 a5 36. Ke2 b4 37. Kd2 Rb8 38. Bd1 Ncxe4+ 0-1

[Event "Berlin Lichtenberger op 9th"]
[Site "Berlin"]
[Date "2010.08.07"]
[Round "2"]
[White "Roth, Joachim"]
[Black "Brylski, Nils"]
[Result "1-0"]
[WhiteElo "1895"]
[BlackElo "1396"]
[PlyCount "51"]
[EventDate "2010.08.07"]
[EventType "swiss"]
[EventRounds "9"]
[EventCountry "GER"]
[SourceTitle "CBM 137 Extra"]
[Source "ChessBase"]
[SourceDate "2010.09.01"]
[SourceVersion "1"]
[SourceVersionDate "2010.09.01"]
[SourceQuality "1"]

1. f4 d5 2. Nf3 Nf6 3. c3 c5 4. d3 Bg4 5. Ne5 e6 6. g3 Bd6 7. Nxg4 Nxg4 8. Bg2 0-0 9. e4 Nh6 10. 0-0 Nc6 11. f5 dxe4 12. dxe4 Be7 13. Qh5 Bf6 14. g4 Nxg4 15. Qxg4 Ne5 16. Qe2 Qb6 17. Na3 Rad8 18. Be3 Qd6 19. Rad1 Qc7 20. Bf4 h6 21. Nc4 b5 22. Ne3 c4 23. Ng4 Qc5+ 24. Be3 Qe7 25. Nxf6+ Qxf6 26. Bd4 1-0

[Event "GER-chT Betrieb"]
[Site "Berlin"]
[Date "2009.10.23"]
[Round "3.1"]
[White "Baranowsky, Peter"]
[Black "Roth, Joachim"]
[Result "1-0"]
[WhiteElo "1806"]
[BlackElo "1895"]
[PlyCount "73"]
[EventDate "2009.10.22"]
[EventType "team-swiss"]
[EventRounds "7"]
[EventCountry "GER"]
[SourceTitle "EXT 2010"]
[Source "ChessBase"]
[SourceDate "2010.11.25"]
[SourceVersion "1"]
[SourceVersionDate "2010.11.25"]
[SourceQuality "1"]
[WhiteTeam "Berlin Tempelhof IV"]
[BlackTeam "Berlin Bund II"]
[WhiteTeamCountry "GER"]
[BlackTeamCountry "GER"]

1. d4 e6 2. Nf3 f5 3. d5 d6 4. dxe6 Bxe6 5. Ng5 Qe7 6. g3 Nf6 7. Bg2 Nc6 8. Nc3 0-0-0 9. Bxc6 bxc6 10. Qd4 Kb8 11. Nxe6 Qxe6 12. Be3 c5 13. Qa4 d5 14. b4 d4 15. Rb1 cxb4 16. Nb5 Qb6 17. Bg5 Bc5 18. Bxf6 gxf6 19. 0-0 f4 20. c3 dxc3 21. Nxc3 fxg3 22. hxg3 f5 23. a3 h5 24. axb4 Bd6 25. Nd5 Qb7 26. Qb3 h4 27. Rfd1 hxg3 28. fxg3 Rdg8 29. Rd3 f4 30. Rf3 Rxg3+ 31. Rxg3 fxg3 32. e4 Be5 33. b5 Rh2 34. Qd3 g2 35. Rb3 Qc8 36. Ne7 Qe6 37. Nc6+ 1-0

[Event "Berlin Lichtenberger op 8th"]
[Site "Berlin"]
[Date "2009.08.23"]
[Round "9"]
[White "Dietzel, Uwe"]
[Black "Roth, Joachim"]
[Result "0-1"]
[WhiteElo "1739"]
[BlackElo "1891"]
[PlyCount "132"]
[EventDate "2009.08.15"]
[EventType "swiss"]
[EventRounds "9"]
[EventCountry "GER"]
[SourceTitle "CBM 131 Extra"]
[Source "ChessBase"]
[SourceDate "2009.09.03"]
[SourceVersion "2"]
[SourceVersionDate "2009.09.16"]
[SourceQuality "1"]

1. d4 e6 2. c4 d5 3. Nc3 c6 4. e3 f5 5. g4 fxg4 6. Qxg4 Nf6 7. Qg2 g6 8. Bd2 Bg7 9. Bd3 b6 10. Nf3 dxc4 11. Bxc4 Nd5 12. 0-0-0 Ba6 13. Bxa6 Nxa6 14. e4 Ne7 15. Bg5 Qd7 16. Ne5 Qc7 17. Bxe7 Kxe7 18. Ng4 Rad8 19. e5 Nb4 20. Qg3 Kd7 21. Kb1 Kc8 22. Ne4 Nd5 23. Nd6+ Kb8 24. Rc1 Rdf8 25. Rc4 h5 26. Ne3 Ne7 27. Rhc1 Bh6 28. Qg2 Rf4 29. Ra4 Qd7 30. Rc2 Rhf8 31. Nd1 g5 32. Qf1 c5 33. Qa6 Rxd4 34. Rxd4 cxd4 35. Nb5 Nc6 36. Rxc6 Qxc6 37. Qxa7+ Kc8 38. Nd6+ Kd8 39. Nf7+ Rxf7 40. Qxf7 Qe4+ 41. Ka1 Qxe5 42. Qg8+ Ke7 43. Qh7+ Bg7 44. Qxh5 Qc5 45. a3 Bf6 46. Qf3 Kf7 47. Qb7+ Kg6 48. Qe4+ Qf5 49. Qc6 b5 50. Qe8+ Kh6 51. Qc6 Kh5 52. Qg2 g4 53. Qf1 Kh4 54. Qg2 Be5 55. Qf1 Qf3 56. Qg1 Qb3 57. Qh1 d3 58. Qg1 Qxa3+ 59. Kb1 Qb4 60. Qh1 Qd4 61. Qg1 b4 62. Qg2 d2 63. Qh1 b3 64. Qg1 Qd3+ 65. Ka1 Qc2 66. Nc3 Qc1+ 0-1

[Event "Berlin Lichtenberger op 8th"]
[Site "Berlin"]
[Date "2009.08.19"]
[Round "5"]
[White "Krueger, Stefan"]
[Black "Roth, Joachim"]
[Result "0-1"]
[WhiteElo "1609"]
[BlackElo "1891"]
[PlyCount "108"]
[EventDate "2009.08.15"]
[EventType "swiss"]
[EventRounds "9"]
[EventCountry "GER"]
[SourceTitle "CBM 131 Extra"]
[Source "ChessBase"]
[SourceDate "2009.09.03"]
[SourceVersion "2"]
[SourceVersionDate "2009.09.16"]
[SourceQuality "1"]

1. d4 e6 2. c4 d5 3. Nc3 c6 4. e3 f5 5. Nf3 Nf6 6. Be2 Bd6 7. 0-0 Nbd7 8. a3 a5 9. c5 Bc7 10. Qa4 Ne4 11. Nd2 0-0 12. Ndxe4 fxe4 13. b4 Bxh2+ 14. Kxh2 Qh4+ 15. Kg1 Rf6 16. f3 Rh6 17. fxe4 dxe4 18. Rf4 Qe1+ 19. Rf1 Qxc3 20. Ra2 b5 21. Qd1 a4 22. Rc2 Qb3 23. Rf4 Nf6 24. Bg4 Rg6 25. Bh3 e5 26. Rh4 Bxh3 27. Rxh3 Rd8 28. Rd2 Qxd1+ 29. Rxd1 exd4 30. Rxd4 Rxd4 31. exd4 Nd5 32. Rh5 Re6 33. Re5 Kf7 34. Kf2 h6 35. Rxe6 Kxe6 36. Kg3 Kf5 37. Bd2 e3 38. Be1 Ke4 39. Kg4 g6 40. Bg3 Nf6+ 41. Kh3 Kxd4 42. Be1 Ne4 43. Kg4 Nf2+ 44. Kf3 Nd3 45. Bg3 g5 46. Bd6 Ne1+ 47. Kg3 Nc2 48. Kf3 Nxa3 49. Bf8 h5 50. Bh6 g4+ 51. Ke2 Nc2 52. Bg7+ Ke4 53. Bc3 a3 54. Kd1 Kd3 0-1

[Event "Berlin Eckbauer op 11th"]
[Site "Berlin"]
[Date "2008.10.06"]
[Round "5.21"]
[White "Roth, Joachim"]
[Black "Musielak, Manfred"]
[Result "1-0"]
[WhiteElo "1773"]
[BlackElo "1482"]
[PlyCount "45"]
[EventDate "2008.09.08"]
[EventType "swiss"]
[EventRounds "6"]
[EventCountry "GER"]
[SourceTitle "EXT 2022"]
[Source "ChessBase"]
[SourceDate "2021.10.06"]
[SourceVersion "1"]
[SourceVersionDate "2021.10.06"]
[SourceQuality "1"]

1. d4 d5 2. Nf3 Nf6 3. e3 e6 4. Bd3 c5 5. c3 cxd4 6. exd4 Nc6 7. 0-0 Be7 8. Ne5 0-0 9. Nd2 Re8 10. Ndf3 Nd7 11. Bc2 Ncxe5 12. dxe5 Nf8 13. Nd4 b6 14. Nc6 Qc7 15. Nxe7+ Qxe7 16. Be3 Bb7 17. f4 Rac8 18. Bd4 Rc7 19. Rf3 Qh4 20. Qd3 f5 21. exf6 gxf6 22. Raf1 Rf7 23. Rh3 1-0

[Event "Berlin Eckbauer op 11th"]
[Site "Berlin"]
[Date "2008.09.22"]
[Round "3.14"]
[White "Roth, Joachim"]
[Black "Wallet, Norbert"]
[Result "1/2-1/2"]
[WhiteElo "1773"]
[BlackElo "1564"]
[PlyCount "66"]
[EventDate "2008.09.08"]
[EventType "swiss"]
[EventRounds "6"]
[EventCountry "GER"]
[SourceTitle "EXT 2022"]
[Source "ChessBase"]
[SourceDate "2021.10.06"]
[SourceVersion "1"]
[SourceVersionDate "2021.10.06"]
[SourceQuality "1"]

1. d4 Nf6 2. Nf3 e6 3. e3 b6 4. Bd3 Bb7 5. Nbd2 c5 6. c3 Nc6 7. 0-0 Be7 8. e4 cxd4 9. cxd4 Nb4 10. Bb1 Ba6 11. Re1 Nd3 12. Bxd3 Bxd3 13. Ne5 Ba6 14. Nf1 0-0 15. Bg5 Bb7 16. Ng3 d5 17. f3 Nd7 18. Bxe7 Qxe7 19. Nxd7 Qxd7 20. e5 Rac8 21. Qd2 Ba6 22. Rad1 h6 23. Nh5 Qe7 24. f4 Qh4 25. Ng3 Rc7 26. f5 Rfc8 27. Qe3 Rc2 28. Rd2 Rc1 29. Red1 Qg4 30. Re1 Rxe1+ 31. Qxe1 Qf4 32. f6 g6 33. b3 h5 1/2-1/2